Creed - What if? Lyrics Quiz - Statistics

General Stats
  • This quiz has been taken 11 times
  • The average score is 196 of 312
Answer Stats
Answer % Correct
A
100%
An
100%
Can
100%
Can’t
100%
I
100%
Of
100%
The
100%
To
100%
Axe
75%
Cut
75%
Did
75%
Feed
75%
Feel
75%
Find
75%
Has
75%
If
75%
In
75%
I’ve
75%
Lied
75%
Like
75%
Lost
75%
My
75%
Roots
75%
That
75%
Them
75%
What
75%
You
75%
Your
75%
All
50%
And
50%
Avenge
50%
Be
50%
Because
50%
Beneath
50%
Bleed
50%
Cause
50%
Controls
50%
Could
50%
Crime
50%
Eye
50%
For
50%
From
50%
Grounds
50%
Have
50%
Hold
50%
Inside
50%
Man
50%
Men
50%
Mind
50%
No
50%
On
50%
Out
50%
Reason
50%
Rhyme
50%
Sleep
50%
Thought
50%
Trees
50%
Vine
50%
We
50%
Who
50%
Wicked
50%
Wisdom
50%
Words
50%
Are
25%
Ask
25%
Beaten
25%
Been
25%
Bitter
25%
By
25%
Consumes
25%
Destroy
25%
Down
25%
Drive
25%
Forked
25%
Hands
25%
Hate
25%
High
25%
Human
25%
I’ll
25%
Inspired
25%
Is
25%
Judged
25%
Just
25%
Know
25%
Lacks
25%
Life
25%
Lift
25%
Lonely
25%
Many
25%
Millions
25%
More
25%
Mouths
25%
One
25%
Press
25%
Pride
25%
Question
25%
Seasons
25%
Seen
25%
Sense
25%
Shared
25%
Simple
25%
Sings
25%
So
25%
Song
25%
Stage
25%
Strong
25%
Their
25%
They
25%
This
25%
Times
25%
Tongues
25%
Up
25%
Us
25%
Vengeful
25%
Walked
25%
When
25%
You’ve
25%
Fruit
0%
No matching quizzes found
Score Distribution
Percent of People with Each Score
Percentile by Number Answered
Your Score History
You have not taken this quiz